Normal view
MARC view
- INFRARED SPECTROMETRY CHEMISTRY ANALYTICAL
Entry Topical Term
001 - CONTROL NUMBER
- control field: 74082
003 - CONTROL NUMBER IDENTIFIER
- control field: NUST
005 - DATE AND TIME OF LATEST TRANSACTION
- control field: 20210628205127.0
008 - FIXED-LENGTH DATA ELEMENTS
- fixed length control field: 210628|| aca||aabn | a|a d
040 ## - CATALOGING SOURCE
- Original cataloging agency: NUST
- Transcribing agency: NUST
150 ## - HEADING--TOPICAL TERM
- Topical term or geographic name entry element: INFRARED SPECTROMETRY CHEMISTRY ANALYTICAL
670 ## - SOURCE DATA FOUND
- Source citation: Work cat.: (NUST): SMITH, A. LEE 74081, APPLIED INFRARED SPECTROSCOPY FUNDAMENTALS TECHNIQUES AND ANALYTICAL PROBLEM SOLVING, 1979
